Представление документа в формате MARC21

Поле Инд. ПП Название Значение
Тип записи a
Библиографический уровень m
001 Контрольный номер 95c81d9a-6feb-4523-a6f7-8f6ca7a5abef
005 Дата корректировки 20140703130835.7
008 Кодируемые данные 040624
020 c Цена, тираж 22.00
040 a Служба первич. каталог. НБ ТвГУ
041 a Код языка текста rus
080 a Индекс УДК 37.016:7:39
084 a Индекс другой классификации/Индекс ББК Щ103(2Рос)р30-234
a Индекс другой классификации/Индекс ББК Ч426.85
a Индекс другой классификации/Индекс ББК Ч420.025.1
090 x Авторский знак К89
a Полочн. индекс Щ103(2Рос)
100 1_ a Автор Кузнецова Светлана Григорьевна
245 10 a Заглавие Национально-региональный компонент: проектирование и методическое обеспечение
b Продолж. заглавия для студентов по специальности 030800 - "Изобразит. искусство", специальности 230600 - "Домоведение" : [сб. программ]
c Ответственность С. Г. Кузнецова ; Забайкал. гос. пед. ун-т им. Н. Г. Чернышевского
260 0_ a Место издания Чита
b Издательство Забайкальский гос. педагогичесчкий ун-т
c Дата издания 2003
300 a Объем 109 с.
b Иллюстрации/ тип воспроизводства табл.
504 a Библиография Библиогр.: с.105.
583 a Действие Получение впервые 278 24.06.2004
k Исполнитель действия Дар РГГУ
650 a Основная рубрика Образование
x Основная подрубрика Регионализация
x Основная подрубрика Национально-региональный компонент
x Основная подрубрика Учебные планы и программы
z Географическая подрубрика Российская Федерация
650 a Основная рубрика Искусство национальное
x Основная подрубрика Преподавание в вузе
650 a Основная рубрика Культура национальная
650 a Основная рубрика Изобразительное искусство
x Основная подрубрика Преподавание в средней школе
x Основная подрубрика Региональные особенности
x Основная подрубрика Национальные особенности
653 a Ключевые слова Педагогика
a Ключевые слова Регионализация образования
a Ключевые слова Учебные планы и программы
a Ключевые слова Искусство в школе
a Ключевые слова Искусство в вузе
a Ключевые слова Преподавание искусства
a Ключевые слова Преподавание изобразительного искусства
a Ключевые слова Национальное искусство
a Ключевые слова Национальная культура
a Ключевые слова Домоведение
a Ключевые слова Национально-региональный компонент образования
a Ключевые слова Региональные особенности образования
a Ключевые слова Национальные особенности образования
a Ключевые слова Культура народов Забайкалья
a Ключевые слова Методика
852 t Порядковый номер экземпляра 1
p Инвентарный номер 786911
888 a бесплатно
930 a Новая/Ретро методика
952 p 278.2004 22.00 1 786911
c Вид литературы К рн
954 a Дата поступления на обработку 20041012
999 a Подразделение 2 кх.